Normal view
MARC view
Entry Personal Name
001 - CONTROL NUMBER
- control field: 14451
003 - CONTROL NUMBER IDENTIFIER
- control field: dpl
005 - DATE AND TIME OF LATEST TRANSACTION
- control field: 20100817145526.0
008 - FIXED-LENGTH DATA ELEMENTS
- fixed length control field: 100817|||a|||||| | ||| d
040 ## - CATALOGING SOURCE
- Original cataloging agency: dpl
- Transcribing agency: dpl
100 ## - HEADING--PERSONAL NAME
- Personal name: Zachariah, K.C.
670 ## - SOURCE DATA FOUND
- Source citation: Work cat.: (dpl): Zachariah, K.C., Migration and development :, 2009
670 ## - SOURCE DATA FOUND
- Source citation: Work cat.: (dpl): Zachariah, K.C., Migration and development :, 2009
